[Event "13th OIBM"]
[Site "Bad Wiessee GER"]
[Date "2009.10.31"]
[Round "1"]
[White "Siebrecht,S"]
[Black "Bernardt,R"]
[Result "1-0"]
[WhiteElo "2456"]
[BlackElo "2006"]

1.d4 d5 2.c4 Nc6 3.Nc3 e6 4.Nf3 Nf6 5.Bg5 Be7 6.e3 O-O 7.Rc1 dxc4 8.Bxc4 Nd5
9.Bxe7 Ncxe7 10.O-O c6 11.e4 Nb6 12.Bb3 Bd7 13.e5 Rc8 14.Ne4 Rc7 15.Qd3 Ng6
16.Neg5 Nd5 17.Rfe1 h6 18.Ne4 Nh4 19.Nxh4 Qxh4 20.Bxd5 exd5 21.Nd6 Bc8 22.b4 a6
23.a4 Qe7 24.f4 g6 25.Re3 Kg7 26.Rf1 f5 27.exf6+ Qxf6 28.Ne8+ Rxe8 29.Rxe8 Bf5
30.Qe3 Be4 31.f5 Rf7 32.Re6  1-0

[Event "TCh-AUT 2009-10"]
[Site "Jenbach AUT"]
[Date "2009.11.06"]
[Round "1"]
[White "Wells,P"]
[Black "Volkmann,F"]
[Result "1-0"]
[WhiteElo "2489"]
[BlackElo "2404"]

1.d4 d5 2.c4 Nc6 3.Nc3 dxc4 4.Nf3 Nf6 5.Bg5 h6 6.Bh4 e6 7.e3 Na5 8.Ne5 a6
9.Qa4+ c6 10.Bxf6 gxf6 11.Nxc4 Nxc4 12.Qxc4 b5 13.Qxc6+ Bd7 14.Qf3 Rc8 15.Bd3 Bb4
16.Rc1 Ke7 17.O-O Bxc3 18.bxc3 Qa5 19.d5 exd5 20.e4 Rxc3 21.exd5 Rxc1 22.Rxc1 Qd2
23.d6+ Kf8 24.Rc7 Qe1+ 25.Bf1 Qe6 26.Qb7 Be8 27.d7 Bxd7 28.Rxd7 Kg7 29.Qd5 Qxd5
30.Rxd5 Rc8 31.Rd6 b4 32.Rxa6 Rb8 33.Ra7 Kf8 34.g3  1-0

[Event "TCh-AUT 2009-10"]
[Site "Jenbach AUT"]
[Date "2009.11.07"]
[Round "2"]
[White "Haas,B"]
[Black "Kuba,G"]
[Result "0-1"]
[WhiteElo "1995"]
[BlackElo "2395"]

1.d4 d5 2.c4 Nc6 3.Nc3 dxc4 4.Nf3 Nf6 5.e3 e5 6.d5 Ne7 7.Bxc4 Ng6 8.Qa4+ Nd7
9.O-O Bd6 10.h3 O-O 11.Qc2 a6 12.a3 f5 13.Rd1 Nh4 14.Nxh4 Qxh4 15.Qe2 e4
16.Qe1 Ne5 17.Be2 Nf3+ 18.Bxf3 exf3 19.Rd4 f4 20.exf4 fxg2 21.Rd3 Bxh3 22.Rg3 Rae8
23.Re3 Bxf4 24.Re4 Bh2+ 25.Kxh2 Bg4+ 26.Kxg2 Bf3+ 27.Kg1 Qh1+  0-1

[Event "World Youth U18"]
[Site "Antalya TUR"]
[Date "2009.11.20"]
[Round "9"]
[White "Reimanis,R"]
[Black "Inonu,M"]
[Result "1/2-1/2"]
[WhiteElo "2112"]
[BlackElo "2002"]

1.d4 d5 2.c4 Nc6 3.e3 e5 4.dxe5 d4 5.a3 dxe3 6.Qxd8+ Kxd8 7.Bxe3 Nxe5 8.Nc3 Be6
9.O-O-O+ Kc8 10.c5 Bb3 11.Re1 Kd7 12.Bd4 Nc6 13.Nf3 f6 14.Bd3 Re8 15.Bf5+ Kd8
16.Rxe8+ Kxe8 17.Re1+ Kd8 18.Bc2 Bf7 19.Rd1 Kc8 20.Bf5+ Kb8 21.Be3 Nge7 22.Be4 Kc8
23.b4 g6 24.Bf4 f5 25.Bxc6 bxc6 26.Be5 Bh6+ 27.Kc2 Re8 28.Bd4 Nd5 29.Ne5 Nxc3
30.Kxc3 Bd5 31.g3 Kb7 32.f4 a5 33.Rb1 g5 34.bxa5+ Ka6 35.Nd3 gxf4 36.gxf4 Be4
37.Be5 Re7 38.Rb8 Bg7 39.Ra8+ Kb7 40.Rg8 Bxd3 41.Rxg7 Rxg7 42.Bxg7 Be2 43.Kd2 Bg4
44.Ke3 Ka6 45.Bc3 h5 46.Be1 Bd1 47.Kd4 Bg4 48.Ke5 Kb7 49.Kf6 Ka6 50.Kg5 Kb5
51.Bb4 Ka6 52.Kh4 Be2 53.Kg5 Bg4 54.Kf6 Kb7 55.Bc3 Ka6 56.Ke6 Kb7 57.h4 Bh3
58.Be5 Bg4 59.Kd7 Bf3 60.Bxc7 Bg2 61.Bd8 Bf3 62.Ke6 Bg4 63.Ke5 Bh3 64.Kd6 Bg2
65.Kd7 Bf3  1/2-1/2

[Event "World Youth U18"]
[Site "Antalya TUR"]
[Date "2009.11.22"]
[Round "11"]
[White "Akdag,D"]
[Black "Rasovic,U"]
[Result "1-0"]
[WhiteElo "2189"]
[BlackElo "1914"]

1.d4 d5 2.c4 Nc6 3.Nf3 Bg4 4.e3 e6 5.cxd5 exd5 6.Nc3 Nf6 7.Qb3 a6 8.Ne5 Bd6
9.Nxg4 Nxg4 10.Be2 Nf6 11.Bf3 Bb4 12.O-O Bxc3 13.bxc3 Rb8 14.c4 Na5 15.Qa4+ c6
16.cxd5 b5 17.Qc2 cxd5 18.Ba3 Rc8 19.Qf5 Nc4 20.Bc5 Qd7 21.Qg5 Rg8 22.Rfe1 Ne4
23.Bxe4 dxe4 24.Qh4 f5 25.Qxh7 Kf7 26.Qh5+ g6 27.Qg5 Rh8 28.Qg3 Rh5 29.h3 g5
30.Rec1 Rg8 31.a4 g4 32.h4 Nd2 33.Bb4 Nf3+ 34.Kf1 Rc8 35.gxf3 gxf3 36.Qd6 Qxd6
37.Bxd6 Rxh4 38.Ke1 Rc4 39.Kd2 Ke6 40.Rxc4 bxc4 41.Be5 Kd5 42.Rb1 Rg4 43.Rb6  1-0

[Event "Open"]
[Site "Figueira da Foz POR"]
[Date "2009.12.01"]
[Round "4"]
[White "Rodrigues,LM"]
[Black "Bolhari,O"]
[Result "0-1"]
[WhiteElo "1875"]
[BlackElo "2146"]

1.d4 d5 2.c4 Nc6 3.Nc3 dxc4 4.d5 Na5 5.Qa4+ c6 6.dxc6 Nxc6 7.e4 Bd7 8.Qxc4 Nf6
9.Nf3 Rc8 10.Qd3 Nb4 11.Qd1 Nxe4 12.a3 Qa5 13.Bd2 Nxd2 14.Nxd2 Qe5+ 15.Be2 Nd3+
16.Kf1 Nxb2  0-1

[Event "Open"]
[Site "Pilsen CZE"]
[Date "2009.12.07"]
[Round "3"]
[White "Svetinsky,Vladimir"]
[Black "Spreer,L"]
[Result "1/2-1/2"]
[WhiteElo "1458"]
[BlackElo "1759"]

1.d4 d5 2.c4 Nc6 3.Nf3 Bg4 4.e3 Nf6 5.Nbd2 e5 6.Be2 e4 7.Ng1 Bxe2 8.Nxe2 Nb4
9.O-O Nd3 10.a3 h5 11.c5 h4 12.f3 h3 13.g3 Qd7 14.fxe4 dxe4 15.Rxf6 gxf6
16.Nxe4 Qf5 17.Qxd3 Bh6 18.Bd2 Qf3 19.Nf4 Bxf4 20.Nxf6+ Kd8 21.Qf1 Bxe3+
22.Bxe3 Qxe3+ 23.Kh1 Qd2 24.b4 a5 25.b5 a4 26.d5 Qc2 27.Rc1 Qb2 28.b6 cxb6
29.c6 Rh6 30.c7+ Ke7 31.Re1+ Kf8 32.Re8+ Rxe8 33.Nxe8 Qc2 34.d6 Qc6+ 35.Kg1 Qxe8
36.Qc1 Rxd6 37.c8=Q Rd1+ 38.Qxd1 Qxc8 39.Qd6+ Kg8 40.Qf4 Qc5+ 41.Kf1 Qb5+
42.Ke1 Qb1+ 43.Ke2 Qb2+ 44.Qd2 Qxa3 45.Qg5+ Kf8 46.Qd8+ Kg7 47.Qg5+ Kh7 48.Qh5+ Kg8
49.Qg5+ Kh8 50.Qh5+ Kg8 51.Qg5+ Kf8 52.Qd8+ Kg7 53.Qg5+  1/2-1/2

[Event "TCh-NED 2009-10"]
[Site "Netherlands NED"]
[Date "2009.12.12"]
[Round "4"]
[White "Delemarre,J"]
[Black "Aubel,J"]
[Result "0-1"]
[WhiteElo "2433"]
[BlackElo "2249"]

1.d4 d5 2.c4 Nc6 3.Nf3 Bg4 4.Nc3 e6 5.cxd5 exd5 6.Bf4 Bd6 7.Bg3 Nf6 8.e3 O-O
9.Bh4 Be7 10.Qb3 Bxf3 11.gxf3 Na5 12.Qa4 c6 13.Bd3 g6 14.Qc2 b6 15.Ne2 c5
16.dxc5 bxc5 17.Bxf6 Bxf6 18.Qxc5 Rc8 19.Qa3 Qb6 20.Rb1 Nc6 21.Nf4 Nb4 22.O-O Be5
23.Ne2 d4 24.f4 Bd6 25.Nxd4 Bc5 26.Rbd1 Rfd8 27.Be4 Bxd4 28.exd4 Rxd4 29.Qe3 Rxd1
30.Rxd1 Re8 31.Qxb6 axb6 32.Rd4 Nxa2 33.Bc6 Re2 34.b4 Rb2 35.b5 Nc3 36.Rd8+ Kg7
37.Kg2 Kf6 38.Rd7 Ke6 39.Rb7 Na4 40.Be8 Rb4  0-1

[Event "Open Ch-Skopje"]
[Site "Skopje MKD"]
[Date "2009.12.13"]
[Round "2"]
[White "Andonovski,L"]
[Black "Pancevski,F"]
[Result "1/2-1/2"]
[WhiteElo "2278"]
[BlackElo "2439"]

1.d4 d5 2.c4 Nc6 3.Nf3 Bg4 4.Nc3 Bxf3 5.exf3 Nf6 6.Bg5 e6 7.cxd5 exd5 8.Bb5 Be7
9.Bxc6+ bxc6 10.O-O O-O 11.Na4 Qd6 12.Qd2 Nh5 13.Bxe7 Qxe7 14.Rac1 Qf6 15.Rc3 Rfe8
16.g3 g6 17.Rfc1 Ng7 18.Kg2 Re6 19.Nc5 Re7 20.Nb3 Re6 21.Na5 Nf5 22.Nxc6 Rae8
23.Ne5 c5 24.Rxc5 Nxd4 25.f4 Rxe5 26.Qxd4 Rf5 27.Qxf6 Rxf6 28.Rxd5 Re2 29.Ra5 Rd6
30.Rxa7 Rdd2 31.Rf1 Rxb2 32.a4 Ra2 33.h4 Kg7 34.Kf3 Reb2 35.a5 Rb3+ 36.Kg2 Rb5
37.Rh1 Raxa5 38.Rxa5 Rxa5 39.g4 h5 40.g5 Ra4 41.Kg3 Ra3+ 42.f3 f5  1/2-1/2

[Event "16th Open B"]
[Site "Zadar CRO"]
[Date "2009.12.17"]
[Round "7"]
[White "Sutkovic,D"]
[Black "Medancic,R"]
[Result "1/2-1/2"]
[WhiteElo "2297"]
[BlackElo "2251"]

1.d4 d5 2.c4 Nc6 3.Nc3 e5 4.cxd5 Nxd4 5.e3 Nf5 6.Nf3 Bd6 7.e4 Nfe7 8.Bd3 a6
9.h3 Nf6 10.O-O Ng6 11.Re1 O-O 12.Bf1 h6 13.Be3 Bd7  1/2-1/2

[Event "9th Amplico Life Rapid"]
[Site "Warsaw POL"]
[Date "2009.12.19"]
[Round "1"]
[White "Hracek,Z"]
[Black "Repka,C"]
[Result "1-0"]
[WhiteElo "2624"]
[BlackElo "1871"]

1.d4 d5 2.c4 Nc6 3.cxd5 Qxd5 4.e3 e5 5.Nc3 Bb4 6.Bd2 Bxc3 7.bxc3 exd4 8.cxd4 Nf6
9.Ne2 O-O 10.f3 Re8 11.Kf2 Bf5 12.Qb3 Qxb3 13.axb3 Bc2 14.b4 Nd5 15.b5 Ncb4
16.e4 Nd3+ 17.Kg3 N5b4 18.d5 a5 19.Nd4 b6 20.Nxc2 Nxc2 21.Bxd3 Nxa1 22.Rxa1 Kf8
23.Bf4 Ra7 24.Bc2 Ke7 25.Ba4 Kd7 26.Rc1 f6 27.h4 Re7 28.Rc6 Rf7 29.d6 g5
30.hxg5 fxg5 31.Be5 cxd6 32.Rxd6+ Kc8 33.Bb3 Rfb7 34.Be6+ Kc7 35.Rd5+  1-0

[Event "9th Amplico Life Rapid"]
[Site "Warsaw POL"]
[Date "2009.12.19"]
[Round "4"]
[White "Dziuba,M"]
[Black "Zeberski,J"]
[Result "1/2-1/2"]
[WhiteElo "2573"]
[BlackElo "2400"]

1.d4 d5 2.c4 Nc6 3.Nc3 e6 4.Nf3 Nf6 5.Bg5 Bb4 6.e3 h6 7.Bxf6 Qxf6 8.cxd5 exd5
9.Be2 O-O 10.O-O Be6 11.Rc1 a6 12.Na4 Bd6 13.Nc5 Nd8 14.b4 c6 15.a4 Bf5 16.Nd2 Rc8
17.Bf3 Re8 18.Qb3 Bxc5 19.Rxc5 Ne6 20.Rc3 Ng5 21.Rfc1 Be4 22.Bxe4 Nxe4 23.Nxe4 Rxe4
24.b5 axb5 25.axb5 Re6 26.bxc6 Rexc6 27.Rxc6 bxc6 28.Qb7 Qe6 29.g3 h5 30.h4 g6
31.Ra1 Kg7 32.Rc1 Qe8 33.Rc3 Rb8 34.Qc7 Rb1+ 35.Kh2 Rb2 36.Qf4 Qe6 37.Kg2 Ra2
38.Rb3 Rc2 39.Rb6 Qf6 40.Qxf6+ Kxf6 41.Kf3 Ke6 42.Ra6 Kd6 43.Ra7 Ke6 44.Rc7 f5
45.Kf4 Kf6 46.f3 Rc3 47.Rd7 Ke6 48.Rd8 Ke7 49.Rc8 Kf6 50.Rc7 Rc4 51.Ra7 Rc3
52.Ra5 Ke6 53.Ra1 Kf6 54.Ra6 Rc4 55.Ra8 Rc3 56.Rc8 Rc4 57.Ra8 Rc3 58.Ra6 Rc2
59.e4 fxe4 60.fxe4 Ke6 61.Ra5 dxe4 62.Kxe4 Rc3 63.Kf4 Rd3 64.Re5+  1/2-1/2

[Event "26th Open"]
[Site "Travemuender GER"]
[Date "2009.12.27"]
[Round "1"]
[White "Blijlevens,P"]
[Black "Rabiega,R"]
[Result "0-1"]
[WhiteElo "1891"]
[BlackElo "2502"]

1.d4 d5 2.c4 Nc6 3.Nf3 Bg4 4.e3 e5 5.dxe5 dxc4 6.Qa4 Bxf3 7.gxf3 Qd5 8.e4 Qxe5
9.Bxc4 Bb4+ 10.Kf1 O-O-O 11.Na3 Qh5 12.Be2 Qh3+ 13.Kg1 Nd4 14.Bd1 Nxf3+ 15.Bxf3 Qxf3
16.Be3 Bxa3 17.bxa3 Ne7 18.h3 Nc6 19.Kh2 Rhe8 20.Rab1 Qxe4 21.Qb3 Ne5 22.Rhc1 Rd6
23.Kg1 Nf3+ 24.Kf1 Nd2+ 25.Bxd2 Qh1+  0-1

[Event "26th Open"]
[Site "Boeblingen GER"]
[Date "2009.12.28"]
[Round "4"]
[White "Borovikov,V"]
[Black "Dausch,R"]
[Result "1-0"]
[WhiteElo "2585"]
[BlackElo "2373"]

1.d4 d5 2.c4 Nc6 3.Nf3 Bg4 4.Nc3 e6 5.cxd5 exd5 6.Bf4 Bxf3 7.gxf3 Bd6 8.Qd2 Nge7
9.O-O-O Ng6 10.Nxd5 Nxf4 11.Nxf4 Qh4 12.Qe3+ Kf8 13.Ng2 Qf6 14.h4 h6 15.a3 Rd8
16.Qc3 Be7 17.e3 Qxf3 18.Rg1 Bf6 19.Bc4 Rd6 20.Kb1 Ke7 21.Ba2 Rc8 22.Qb3 Nd8
23.Nf4 Kf8 24.Qc2 Qc6 25.Qh7 Qb5 26.Rc1 c5 27.Bc4 Qa4 28.Nd5 cxd4 29.Qh8+  1-0

[Event "26th Open"]
[Site "Boeblingen GER"]
[Date "2009.12.28"]
[Round "5"]
[White "Kniest,O"]
[Black "Reyer,U"]
[Result "1/2-1/2"]
[WhiteElo "2322"]
[BlackElo "2198"]

1.d4 d5 2.c4 Nc6 3.cxd5 Qxd5 4.e3 e5 5.Nc3 Bb4 6.Bd2 Bxc3 7.Bxc3 exd4 8.Ne2 Nf6
9.Nxd4 O-O 10.Nb5 Qg5 11.Nxc7 Bg4 12.Qb3 Rad8 13.Qxb7 Rd6 14.Nb5 Re6 15.Bc4 Rxe3+
16.Kf1 Qc5 17.fxe3 Qxc4+ 18.Kg1 Rb8 19.Nd6 Qe6 20.Qxf7+ Qxf7  1/2-1/2

[Event "Christamas Open Masters"]
[Site "Zurich SUI"]
[Date "2009.12.30"]
[Round "7"]
[White "Moor,O"]
[Black "Bhend,E"]
[Result "1-0"]
[WhiteElo "2406"]
[BlackElo "2207"]

1.d4 d5 2.c4 Nc6 3.Nc3 dxc4 4.Nf3 Nf6 5.e4 Bg4 6.Be3 e6 7.Bxc4 Bb4 8.Qd3 Qe7
9.Bb5 O-O 10.a3 Bxc3+ 11.bxc3 Nd7 12.e5 f6 13.exf6 Qxf6 14.Ng5 Bf5 15.Qd1 h6
16.Nf3 Be4 17.Be2 Nb6 18.O-O Qg6 19.Ne1 Nd5 20.Bd2 Qf6 21.f3 Bg6 22.Bd3 Rad8
23.Bxg6 Qxg6 24.Qb1 Qxb1 25.Rxb1 Na5 26.Nd3 Nc4 27.Be1 b6 28.a4 a5 29.Rf2 Rd6
30.Re2 Rc6 31.Rb3 Nf4 32.Nxf4 Rxf4 33.Bg3 Rf5 34.Kf2 Rd5 35.Ke1 Kf7 36.Kd1 e5
37.Bxe5 Nxe5 38.Rxe5 Rxe5 39.dxe5 Rc4 40.Ra3 Ke6 41.Kc2 Kxe5 42.Ra1 Rh4 43.h3 Kf4
44.Kd3 Kg3 45.Ra2 g5 46.c4 c5 47.Rb2 Rd4+ 48.Kc3 Rd6 49.Re2 Kh2 50.Kc2 Kg3
51.Kc3 h5 52.Re5 Rg6 53.Re2 h4 54.Kc2 Kh2 55.Kb3 Kg1 56.Kc3 Kf1 57.Rb2 Rd6
58.Rc2 Ke1 59.Rb2 Kd1 60.Ra2 Ke1 61.Rb2 Kf1 62.Rc2 Kg1 63.Re2 Kh2 64.Kc2 Kg3
65.Kc3 Rd1 66.Re5 Kxg2 67.Rxg5+ Kxh3 68.f4 Rf1 69.f5 Rf3+ 70.Kd2 Rg3 71.Rg6 Kh2
72.Ke2 h3 73.Kf2 Rd3 74.f6 Rd4 75.Ke3 Rd1 76.f7 Rf1 77.Rg7 Kh1 78.Ke4 h2
79.Ke5  1-0

[Event "Meister Open"]
[Site "Basel SUI"]
[Date "2010.01.04"]
[Round "6"]
[White "Bogdanov,O"]
[Black "Pfau,Mi"]
[Result "1-0"]
[WhiteElo "2280"]
[BlackElo "2010"]

1.d4 d5 2.c4 Nc6 3.cxd5 Qxd5 4.e3 e5 5.Nc3 Bb4 6.Bd2 Bxc3 7.bxc3 Nf6 8.Qb3 Qxb3
9.axb3 Ne4 10.Nf3 Nxd2 11.Kxd2 exd4 12.cxd4 O-O 13.Bb5 Ne7 14.Rhc1 c6 15.Be2 Bf5
16.Ne5 a6 17.Nc4 Rad8 18.Na5 Bc8 19.Bf3 Ng6 20.g3 Ne5 21.Bg2 Rfe8 22.h3 Ng6
23.Ra4 Re5 24.Bxc6 b5 25.Ra2 Bxh3 26.Nb7 Ree8 27.Nxd8 Rxd8 28.Rxa6  1-0

[Event "Meister Open"]
[Site "Basel SUI"]
[Date "2010.01.05"]
[Round "7"]
[White "Stankovic,Ze"]
[Black "Seitz,B"]
[Result "1-0"]
[WhiteElo "2179"]
[BlackElo "2017"]

1.d4 d5 2.c4 Nc6 3.Nf3 Bg4 4.Nc3 e6 5.cxd5 exd5 6.Bf4 Bxf3 7.gxf3 Bd6 8.Bg3 Bxg3
9.hxg3 f5 10.e3 Nge7 11.Qb3 Qd7 12.Rc1 O-O 13.Bd3 a6 14.Kf1 b5 15.a4 b4 16.Ne2 Qd6
17.Rc5 a5 18.Nf4 Rad8 19.Nxd5 Nxd5 20.Rxd5 Qxd5 21.Bc4 Ne7 22.Bxd5+ Rxd5
23.e4  1-0

[Event "XXXV Open"]
[Site "Seville ESP"]
[Date "2010.01.09"]
[Round "2"]
[White "Bhat,V"]
[Black "Guerreiro,N"]
[Result "1-0"]
[WhiteElo "2540"]
[BlackElo "2076"]

1.d4 d5 2.c4 Nc6 3.Nc3 Nf6 4.Nf3 dxc4 5.Bg5 a6 6.d5 Na5 7.e4 e6 8.Qc2 c6
9.d6 Bxd6 10.e5 Be7 11.exf6 gxf6 12.Bh6 f5 13.Rd1 Qc7 14.Bg7 Rg8 15.Be5 Qb6
16.g3 Bd7 17.Nd2 c5 18.Nxc4 Nxc4 19.Bxc4 Qc6 20.O-O f6 21.Bf4 Qf3 22.Rxd7 Kxd7
23.Rd1+ Kc6 24.Qa4+ b5 25.Bxb5+ Kb6 26.Be2  1-0

[Event "IMB1"]
[Site "Marianske Lazne CZE"]
[Date "2010.01.17"]
[Round "2"]
[White "Flumbort,A"]
[Black "Novotny,M1"]
[Result "1-0"]
[WhiteElo "2515"]
[BlackElo "2292"]

1.d4 d5 2.c4 Nc6 3.Nc3 dxc4 4.d5 Ne5 5.f4 Nd7 6.e4 Nb6 7.a4 a5 8.Be3 e6 9.Bxb6 cxb6
10.Bxc4 Bb4 11.Bb5+ Kf8 12.Ne2 exd5 13.Qxd5 Qxd5 14.exd5 Nf6 15.O-O-O Bd7
16.Bxd7 Nxd7 17.d6 Re8 18.Rd4 h5 19.Rhd1 Rh6 20.Ng3 Rhe6 21.f5 Re5 22.Rh4 Bxc3
23.bxc3 g6 24.Kc2 Kg7 25.Rc4 Rc5 26.Rcd4 Rec8 27.R1d3 Rc4 28.fxg6 Rxd4 29.Nf5+ Kf6
30.Nxd4 fxg6 31.Rf3+ Ke5 32.Rg3 Rg8 33.Nb5 Nc5 34.Re3+ Kd5 35.Re7 Nxa4 36.c4+ Kxc4
37.d7 Nc5 38.Re8 Nxd7 39.Na3+ Kb4 40.Rxg8 Kxa3 41.Rxg6 b5 42.Rg5 Ka4 43.Rxh5 b4
44.Rf5 b5 45.g4 Nb6 46.Rf3 Nc4 47.g5 Na3+ 48.Kc1 b3 49.g6 Nc4 50.Rf2 Ne5
51.Rg2 Nxg6 52.Rxg6 Ka3 53.Rg2 a4 54.h4 b4 55.h5 b2+  1-0

[Event "ch-POL"]
[Site "Warsaw POL"]
[Date "2010.01.17"]
[Round "9"]
[White "Gajewski,G"]
[Black "Bulski,K"]
[Result "1-0"]
[WhiteElo "2568"]
[BlackElo "2416"]

1.d4 d5 2.c4 Nc6 3.Nf3 Bg4 4.Nc3 e6 5.cxd5 exd5 6.Bf4 Bd6 7.Bg3 Bxf3 8.gxf3 f5
9.f4 h5 10.h3 h4 11.Bh2 Bb4 12.Rc1 Nf6 13.a3 Bxc3+ 14.Rxc3 Qd7 15.e3 Ne7
16.Rg1 Nc8 17.Qc2 c6 18.f3 Nd6 19.Bd3 O-O-O 20.Rg5 Rh5 21.Qg2 Re8 22.Bg1 Rxg5
23.Qxg5 Rh8 24.Bf2 Rh5 25.Qg1 Nh7 26.Kd1 g5 27.Rc2 gxf4 28.exf4 Nf8 29.b4 Kd8
30.Re2 Qh7 31.b5 Nxb5 32.Bxh4+ Rxh4 33.Qg5+ Kc7 34.Re7+ Nd7 35.Rxh7 Rxh7
36.Bxb5 cxb5 37.Qxf5 Rh6 38.Ke2 Ra6 39.h4 Rxa3 40.h5 Ra2+ 41.Kd1 Rh2 42.Qg5 b4
43.f5 Rh1+ 44.Kc2 a5 45.f6 a4 46.f7 b3+ 47.Kc3 Kd6 48.Qd8  1-0

[Event "IMB1"]
[Site "Marianske Lazne CZE"]
[Date "2010.01.20"]
[Round "6"]
[White "Zier,O"]
[Black "Novotny,M1"]
[Result "1-0"]
[WhiteElo "2101"]
[BlackElo "2292"]

1.d4 d5 2.c4 Nc6 3.Nf3 Bg4 4.cxd5 Bxf3 5.gxf3 Qxd5 6.e3 e5 7.Nc3 Bb4 8.Bd2 Bxc3
9.bxc3 Qd7 10.Rb1 Rb8 11.Bb5 a6 12.Bd3 Nf6 13.O-O O-O 14.Kh1 Rfe8 15.Rg1 Rbd8
16.Rxb7 exd4 17.cxd4 Kh8 18.Bc3 Nd5 19.Rb3 Qh3 20.Rg3 Qh4 21.Bxa6 Re6 22.Bd3 Rh6
23.Qg1 Nce7 24.Bb2 f5 25.Rg5 Rg6 26.Rxg6 hxg6 27.Qg3 Qh6 28.Ba3 f4 29.Qg1 fxe3
30.fxe3 Re8 31.Bxe7 Nxe7 32.Be4 Nf5 33.a4 Qh5 34.Rb1 Nh4 35.Qg3 g5 36.Rg1 Qf7
37.Rc1 Qf6 38.a5 c5 39.a6 cxd4 40.a7 dxe3 41.Qb8 Qf8 42.Qxe8 Qxe8 43.a8=Q Qxa8
44.Bxa8  1-0

[Event "8th Parsvnath Open"]
[Site "New Delhi IND"]
[Date "2010.01.20"]
[Round "9"]
[White "Arindam,M"]
[Black "Bhagwat,V"]
[Result "1/2-1/2"]
[WhiteElo "2323"]
[BlackElo "2170"]

1.d4 d5 2.c4 Nc6 3.cxd5 Qxd5 4.e3 e5 5.Nc3 Bb4 6.Bd2 Bxc3 7.bxc3 Qd6 8.Nf3 Nge7
9.Rb1 O-O 10.Rb5 a6 11.Rb2 Bf5 12.h3 Ng6 13.Qa4 Rfe8 14.Be2 b5 15.Qb3 Be6
16.Qc2 Na5 17.Bc1 Bc4 18.Rb1 Bxe2 19.Qxe2 Nc4 20.O-O c5 21.Rd1 exd4 22.cxd4 Rad8
23.Qc2 Rc8 24.dxc5 Qxc5 25.Bb2 h6 26.Bd4 Qe7 27.Rbc1 Nh4  1/2-1/2

[Event "8th Parsvnath Open"]
[Site "New Delhi IND"]
[Date "2010.01.22"]
[Round "11"]
[White "Arindam,M"]
[Black "Chattarjee,L"]
[Result "0-1"]
[WhiteElo "2323"]
[BlackElo "2192"]

1.d4 d5 2.c4 Nc6 3.cxd5 Qxd5 4.e3 e5 5.Nc3 Qd8 6.d5 Nce7 7.Nf3 Ng6 8.Bb5+ Bd7
9.Qb3 Rb8 10.O-O Nf6 11.e4 Bc5 12.Qc4 Bb6 13.Bg5 Bxb5 14.Qxb5+ Kf8 15.Nh4 Nxh4
16.Bxh4 Qd6 17.Bxf6 Qxf6 18.Kh1 g6 19.f4 exf4 20.Ne2 g5 21.Ng3 Qe5 22.Qb4+ Qe7
23.Qc3 f6 24.Nf5 Qe5 25.Qc4 h5 26.Rad1 Re8 27.d6 cxd6 28.Rxd6 Rh7 29.Rfd1 f3
30.gxf3 Bc7 31.R6d2 g4 32.Rg2 Qf4 33.Qc3 Be5 34.Qb4+ Kg8 35.Qb5 Rc8 36.Qb3+ Kh8
37.Qe6 Rhc7 38.Nh4 Qg5 39.Nf5 Rc1  0-1

[Event "8th Parsvnath Open"]
[Site "New Delhi IND"]
[Date "2010.01.22"]
[Round "11"]
[White "Thejkumar,M"]
[Black "Thakur,Ak"]
[Result "1-0"]
[WhiteElo "2435"]
[BlackElo "2331"]

1.d4 d5 2.c4 Nc6 3.Nc3 Nf6 4.Nf3 dxc4 5.e3 e5 6.Bxc4 exd4 7.exd4 Bb4 8.O-O O-O
9.h3 h6 10.a3 Bd6 11.Be3 Ne7 12.Ne5 c6 13.Qd2 Bf5 14.Bxh6 gxh6 15.Qxh6 Nfd5
16.Rfe1 Ng6 17.Qh5 Qf6 18.Bxd5 cxd5 19.Nxd5 Qe6 20.Ng4 Bxg4 21.hxg4 Qc8 22.g5  1-0

[Event "4th SOP-SMAOK Open"]
[Site "Athens GRE"]
[Date "2010.01.26"]
[Round "3"]
[White "Mastrokoukos,G"]
[Black "Anairousis,P"]
[Result "1-0"]
[WhiteElo "2301"]
[BlackElo "2051"]

1.d4 d5 2.c4 Nc6 3.cxd5 Qxd5 4.e3 e5 5.Nc3 Bb4 6.Bd2 Bxc3 7.bxc3 Qd6 8.Ne2 Nf6
9.Ng3 h5 10.Bd3 h4 11.Ne4 Nxe4 12.Bxe4 f5 13.Bf3 e4 14.Bh5+ g6 15.Be2 Ne7
16.Rb1 c5 17.c4 Nc6 18.Bc3 O-O 19.dxc5 Qxc5 20.Qd5+ Qxd5 21.cxd5 Nd8 22.f3 b6
23.fxe4 fxe4 24.Rb4 Bb7 25.Rxe4 Bxd5 26.Rxh4 Ne6 27.Rh8+ Kf7 28.Rh7+ Kg8
29.Rh8+ Kf7 30.O-O+ Ke7 31.Rh7+ Kd6 32.Bb4+ Nc5 33.Rxf8 Rxf8 34.Rxa7 Kc6
35.a4 Be4 36.Bb5+ Kd5 37.a5 bxa5 38.Rxa5 Rb8 39.Bxc5 Kxc5 40.Bf1+ Kb4 41.Re5 Bc2
42.Be2  1-0

[Event "LX Abto de Verano"]
[Site "Villa Ballester ARG"]
[Date "2010.01.26"]
[Round "5"]
[White "Nieva,J"]
[Black "Obregon,A"]
[Result "0-1"]
[WhiteElo "2108"]
[BlackElo "2443"]

1.d4 d5 2.c4 Nc6 3.Nf3 Bg4 4.e3 e6 5.a3 dxc4 6.Bxc4 Nf6 7.Nc3 a6 8.O-O Bd6
9.h3 Bh5 10.Be2 O-O 11.b4 Bg6 12.Bb2 Re8 13.Qb3 Nd5 14.Rfd1 Nce7 15.e4 Nxc3
16.Qxc3 Bxe4 17.d5 e5 18.Nxe5 Nf5 19.Ng4 Qg5 20.f3 Ng3 21.Bc4 h5 22.h4 Qg6
23.Nf2 Bf5 24.Re1 b5 25.Bd3 f6 26.Re6 Be5 27.Qxe5 fxe5 28.Rxg6 Bxg6 29.Bxg6 Re7
30.Ne4 Ne2+ 31.Kf2 Nf4 32.Bxh5 Nxh5 33.g3 Rd8 34.Rd1 Nf6 35.Nxf6+ gxf6 36.Ke3 c6
37.d6 Red7 38.f4 exf4+ 39.Kxf4 Rxd6 40.Re1 Kf7 41.h5 Rd2 42.Bc1 Rd1 43.Rxd1 Rxd1  0-1

[Event "8th Gibtelecom Masters"]
[Site "Caleta ENG"]
[Date "2010.01.27"]
[Round "2"]
[White "Byrn,C"]
[Black "Sommerhalder,E"]
[Result "1-0"]
[WhiteElo "2171"]
[BlackElo "1899"]

1.d4 d5 2.c4 Nc6 3.Nf3 Bg4 4.cxd5 Bxf3 5.gxf3 Qxd5 6.e3 e5 7.Nc3 Bb4 8.Bd2 Bxc3
9.bxc3 Qd6 10.Rb1 b6 11.Bb5 Ne7 12.O-O O-O-O 13.Qa4 h5 14.Rfc1 Rh6 15.Kh1 Qf6
16.Be2 Qh4 17.e4 Rg6 18.Be3 f5 19.d5 Na5 20.Rg1 f4 21.Ba6+ Kb8 22.Bc5 Nb7
23.Bxe7 Rxg1+ 24.Rxg1 Qxe7 25.Bxb7 Kxb7 26.Qc6+ Kb8 27.Qg6 Qc5 28.Qg5 Re8
29.Qxh5 Re7 30.Kg2 Qxc3 31.Rd1 Qc5 32.Qh8+ Kb7 33.Qf8 Qd6 34.Qf5 Qd7 35.Qg5 Qd6
36.Rc1 Qd7 37.Rc6 a5 38.a4 Kb8 39.Qg6 Kb7 40.h3 Ka7 41.h4 Kb7 42.h5 Kc8 43.Qg4 Kb7
44.Qxd7 Rxd7 45.Kh3 Rd6 46.Rc1 c6 47.Rg1 cxd5 48.Rxg7+ Ka6 49.exd5 Rxd5 50.h6 Rd6
51.h7 Rh6+ 52.Kg4 b5 53.Kg5  1-0

[Event "ch-BUL S/F Women"]
[Site "Plovdiv BUL"]
[Date "2010.01.28"]
[Round "5"]
[White "Ivanova,G"]
[Black "Shivacheva,D"]
[Result "1-0"]
[WhiteElo "1669"]
[BlackElo "1682"]

1.d4 d5 2.c4 Nc6 3.cxd5 Qxd5 4.Nf3 e5 5.Nc3 Bb4 6.Bd2 Bxc3 7.Bxc3 e4 8.Ne5 Nge7
9.e3 Be6 10.Bc4 Qd6 11.Bxe6 Qxe6 12.Qa4 O-O 13.Rd1 Rad8 14.O-O f5 15.Qc4 Qxc4
16.Nxc4 Nd5 17.Bd2 f4 18.Rfe1 fxe3 19.fxe3 Rf7 20.a3 b5 21.Na5 Nxa5 22.Bxa5 Rd6
23.Bd2 Rc6 24.Rc1 Rff6 25.Rf1 Rxf1+ 26.Kxf1 Rxc1+ 27.Bxc1 Kf7 28.Kf2 g6 29.g4 b4
30.Bd2 bxa3 31.bxa3 c6 32.Bb4 Nxb4 33.axb4 g5 34.Ke2 Kg6 35.Kd2 h5 36.h3 hxg4
37.hxg4 Kf6 38.Kc3 Ke6 39.Kc4 Kd6 40.b5 cxb5+ 41.Kxb5 Kc7 42.Ka6 Kb8 43.Kb5 Kc7
44.Kc5 Kd7 45.Kd5 a5 46.Kxe4 Kc6 47.Kd3 Kb5 48.Kc3 a4 49.e4 a3 50.Kb3 a2
51.Kxa2 Kc4 52.d5 Kc5 53.Kb3 Kd6 54.Kc4 Ke5 55.Kd3 Kf4 56.d6 Kxg4 57.d7 Kf3
58.d8=Q  1-0

[Event "ch-BUL S/F Women"]
[Site "Plovdiv BUL"]
[Date "2010.01.30"]
[Round "7"]
[White "Vasileva,C"]
[Black "Shivacheva,D"]
[Result "1-0"]
[WhiteElo "1451"]
[BlackElo "1682"]

1.d4 d5 2.c4 Nc6 3.Nf3 Bg4 4.cxd5 Bxf3 5.dxc6 Bxc6 6.f3 e6 7.e4 Nf6 8.Bg5 Be7
9.Bc4 Qd6 10.O-O h6 11.Be3 Qb4 12.Qc2 O-O 13.a3 Qa4 14.b3 Qa5 15.Qb2 Qh5
16.Nc3 Nh7 17.Rad1 Rfe8 18.b4 a6 19.Ne2 Bh4 20.Nf4 Qg5 21.Qe2 Qf6 22.d5 exd5
23.Bxd5 Bxd5 24.Nxd5 Qe5 25.Bf4 Qf5 26.Qc2 Qg6 27.Qxc7 b5 28.Qb7 Rac8 29.Nc7 Rcd8
30.Rxd8 Rxd8 31.Nxa6 Rd3 32.Qxb5 Rxa3 33.Qe8+ Nf8 34.Nc5 Ra2 35.g3 Bxg3 36.Bxg3 h5
37.Qd8 Rb2 38.Nd7  1-0

[Event "8th Gibtelecom Masters"]
[Site "Caleta ENG"]
[Date "2010.02.01"]
[Round "7"]
[White "Lombart,P"]
[Black "Lyell,M"]
[Result "1/2-1/2"]
[WhiteElo "1996"]
[BlackElo "2224"]

1.d4 d5 2.c4 Nc6 3.cxd5 Qxd5 4.e3 e5 5.Nc3 Bb4 6.Bd2 Bxc3 7.bxc3 Nf6 8.c4 Qd6
9.d5 Ne7 10.Qa4+ Bd7 11.Qb4 Ne4 12.Qxd6 cxd6 13.Nf3 Nc8 14.Bb4 f6 15.Be2 Nb6
16.Nd2 Nxd2 17.Kxd2 Rc8 18.Rhc1 Ke7 19.c5 Nxd5 20.cxd6+ Ke6 21.Ba3 b5 22.e4 Nb6
23.Rab1 g6 24.Bc5 Na4 25.Bxa7 Kxd6 26.Rxc8 Rxc8 27.Rb3 Nc5 28.Bxc5+ Rxc5
29.h4 Kc6 30.g3 Be6 31.Rb2 Bc4 32.Bd1 f5 33.f3 f4 34.gxf4 exf4 35.a4 Rh5
36.Kc3 Rxh4 37.Kd4 Rh5 38.e5 Rh1 39.axb5+ Bxb5 40.Rd2 Re1 41.Bb3 Kc7 42.Rh2 h5
43.Bf7 Rg1 44.Ke4 Kd8 45.Kxf4 Ke7 46.Bd5 Bd7 47.Ke3 Re1+ 48.Kd4 Rd1+ 49.Kc5 Be6
50.Be4 Bf7 51.Rb2 g5 52.Rg2 h4 53.Rh2 Ke6 54.f4 gxf4 55.Bf3 Rd3 56.Be4 Rd1
57.Bf3 Rd3 58.Be4 Rd8 59.Rxh4 Kxe5 60.Bf3 Rc8+ 61.Kb4 Rb8+ 62.Kc5 Rb3 63.Bd1 Rc3+
64.Kb4 Rd3 65.Bc2 Rd6 66.Kc3 Bg6 67.Bxg6 Rxg6 68.Kd3 Kf5 69.Ke2 Ke4 70.Kf2 Ra6
71.Rh8 Ra2+ 72.Kg1 Kf3 73.Rb8 Ra1+ 74.Kh2 Kf2 75.Rb2+ Kf1 76.Rb3 Kf2 77.Rb2+ Kf1
78.Rb3 Ra2+ 79.Kh3 Ke2 80.Kg4 Ra4 81.Rf3  1/2-1/2